00428nam a2200145 450000500170000001000150001702000260003203500140005803700130007208200080008524500480009326000350014127000860017630000200026220191218170026.0 aENG-127204 a9789384061128c499.00 aEN-110736 bDBAD/PUB a332 aLife at 40 :btake charge of your finances  aMumbaibTV 18 Broadcast c2014 a414, 1st Floor Empire Mills EmpirebSenapati Bapat Marg, Lower (W),Mumbaie400013 a186p.c20cm(Hb)